[Event "6e Open International d'Echecs Sables d'"]
[Site "Les Sables d'Olonne ; France"]
[Date "2019.07.15"]
[Round "4.9"]
[White "Lucas, Arthur"]
[Black "Vion, Jean-Francois"]
[Result "1-0"]
[WhiteElo "2286"]
[BlackElo "1960"]
[PlyCount "67"]
[EventDate "2019.??.??"]
[WhiteTeam "Cercle d'échecs des Sables d'Olonne"]
[BlackTeam "Cercle d'Echecs de Cholet"]

1. e4 e5 2. Nf3 Nc6 3. d4 exd4 4. Nxd4 Nf6 5. Nxc6 bxc6 6. Qe2 Bb4+ 7. c3 Bc5
8. e5 Nd5 9. c4 Ne7 10. Be3 Bxe3 11. Qxe3 O-O 12. Bd3 d5 13. O-O f6 14. Re1 Nf5
15. Qc5 fxe5 16. cxd5 Qf6 17. Bxf5 Bxf5 18. dxc6 Rab8 19. b4 Qd6 20. Nc3 Rxb4
21. Qxe5 Qxe5 22. Rxe5 Rc4 23. Nd5 Be4 24. Ne3 Rd4 25. Rc1 Rd2 26. Rxe4 Rfxf2
27. Rf1 Rxf1+ 28. Kxf1 Rxa2 29. Re7 Ra1+ 30. Ke2 Rc1 31. Rxc7 a5 32. Nd5 Kf8
33. Rc8+ Kf7 34. c7 1-0

[Event "6e Open International d'Echecs Sables d'"]
[Site "Les Sables d'Olonne ; France"]
[Date "2019.07.15"]
[Round "4.10"]
[White "Rollot, Jean-Louis"]
[Black "Durand-Le Ludec, Brendan-Budok"]
[Result "1/2-1/2"]
[WhiteElo "1890"]
[BlackElo "2199"]
[Annotator "jeanluc"]
[PlyCount "88"]
[EventDate "2019.??.??"]
[WhiteTeam "Echiquier Carcassonnais "]
[BlackTeam "Betton Echecs Club"]

1. c4 b6 2. Nf3 Bb7 3. Nc3 e6 4. g3 Bxf3 5. exf3 c5 6. Bg2 Nc6 7. f4 Nge7 8.
O-O Nf5 9. d3 g6 10. Rb1 Bg7 11. Bd2 O-O 12. Ne2 d5 13. cxd5 exd5 14. Nc3 Nfe7
15. a3 a5 16. Qb3 c4 17. dxc4 Nd4 18. Qd1 dxc4 19. Bxa8 Qxa8 20. f3 Rd8 21. Kg2
Nb3 22. Rf2 Nf5 23. Qe1 Rd3 24. Qe4 Qd8 25. Be1 Ne3+ 26. Kh1 Qc8 27. Re2 Qh3
28. Rf2 Nf1 29. Qe8+ Bf8 30. Ne4 Rxf3 31. Ng5 Nxg3+ 32. Kg1 Ne2+ 33. Qxe2 Qg4+
34. Rg2 Nd4 35. Rxg4 Nxe2+ 36. Kg2 Rd3 37. Kf1 f5 38. Rg2 Nxf4 39. Rd2 Rb3 40.
Bg3 Nd3 41. Ne6 Bxa3 42. Nd4 Rxb2 43. Rdxb2 Bxb2 44. Nb5 a4 {et nulle au
coup_65} 1/2-1/2

[Event "6e Open International d'Echecs Sables d'"]
[Site "Les Sables d'Olonne ; France"]
[Date "2019.07.15"]
[Round "4.11"]
[White "Maruejols, Claude"]
[Black "Wlodarczyk, Cyril"]
[Result "0-1"]
[WhiteElo "1861"]
[BlackElo "2098"]
[PlyCount "84"]
[EventDate "2019.??.??"]
[WhiteTeam "L'Echiquier du Roy René"]
[BlackTeam "Cergy Pontoise Echecs"]

1. d4 Nf6 2. c4 e6 3. Nc3 Bb4 4. f3 d5 5. a3 Bxc3+ 6. bxc3 c5 7. cxd5 Nxd5 8.
dxc5 Qa5 9. e4 Nf6 10. Qb3 Qxc5 11. Qb5+ Nbd7 12. Qxc5 Nxc5 13. Be3 Nfd7 14.
Nh3 b6 15. a4 Bb7 16. Nf4 Rc8 17. Ra3 O-O 18. a5 Bc6 19. axb6 axb6 20. Be2 Ra8
21. Rxa8 Rxa8 22. O-O Ra3 23. Bxc5 bxc5 24. Rc1 g6 25. Kf1 Nb6 26. Nd3 Nd7 27.
Ke1 Kg7 28. Nb2 f5 29. exf5 gxf5 30. g3 Ra2 31. Nd3 Kf6 32. f4 Be4 33. Nf2 e5
34. Rd1 Ke7 35. Bb5 Nf8 36. fxe5 Rb2 37. Nxe4 fxe4 38. Be2 Rc2 39. c4 Ne6 40.
Rd5 Nd4 41. Bf1 e3 42. Kd1 Ra2 0-1

[Event "6e Open International d'Echecs Sables d'"]
[Site "Les Sables d'Olonne ; France"]
[Date "2019.07.15"]
[Round "4.12"]
[White "Henry, Florent"]
[Black "Delabbey, Florian"]
[Result "*"]
[WhiteElo "2022"]
[BlackElo "1904"]
[Annotator "jeanluc"]
[PlyCount "48"]
[EventDate "2019.??.??"]
[WhiteTeam "Cercle d'échecs des Sables d'Olonne"]
[BlackTeam "Club d'Echecs de Marennes-Oleron"]

1. e4 c5 2. Nf3 Nc6 3. d4 cxd4 4. Nxd4 g6 5. Be3 Nf6 6. Nc3 Bg7 7. Be2 O-O 8.
Qd2 d5 9. exd5 Nxd5 10. Nxd5 Qxd5 11. Bf3 Qc4 12. c3 Nxd4 13. cxd4 Rd8 14. Qc3
Be6 15. Qxc4 Bxc4 16. b3 Bd5 17. Ke2 Bxf3+ 18. Kxf3 Bxd4 19. Bxd4 Rxd4 20. Rhd1
Rad8 21. Rxd4 Rxd4 22. Ke3 Rd7 23. Rc1 Kg7 24. Rc5 Kf6 {et nulle au coup 39.} *

[Event "6e Open International d'Echecs des Sable"]
[Site "Sables d'Olonne, France"]
[Date "2019.07.16"]
[Round "5.1"]
[White "Prie, Eric"]
[Black "Colin, Vincent"]
[Result "1/2-1/2"]
[WhiteElo "2436"]
[BlackElo "2370"]
[Annotator "jeanluc"]
[PlyCount "73"]
[EventDate "2019.??.??"]
[TimeControl "1/40:0"]
[WhiteClock "0:02:52"]
[BlackClock "0:33:13"]

1. d4 {[%emt 0:00:00]} Nf6 {[%emt 0:00:00]} 2. Bf4 {[%emt 0:00:00]} e6 {
[%emt 0:00:00]} 3. e3 {[%emt 0:00:00]} d5 {[%emt 0:00:00]} 4. Nd2 {[%emt 0:00:
00]} Bd6 {[%emt 0:00:00]} 5. Bg3 {[%emt 0:00:00]} O-O {[%emt 0:00:00]} 6. Bd3 {
[%emt 0:00:00]} c5 {[%emt 0:00:00]} 7. c3 {[%emt 0:00:00]} Qc7 {[%emt 0:00:00]}
8. Bxd6 {[%emt 0:00:00]} Qxd6 {[%emt 0:00:00]} 9. f4 {[%emt 0:00:00]} cxd4 {
[%emt 0:00:00]} 10. cxd4 {[%emt 0:00:00]} Qb6 {[%emt 0:00:00]} 11. Qb3 {
[%emt 0:00:00]} Bd7 {[%emt 0:00:00]} 12. Ngf3 {[%emt 0:00:00]} Rc8 {[%emt 0:00:
00]} 13. Qxb6 {[%emt 0:00:00]} axb6 {[%emt 0:00:00]} 14. Ke2 {[%emt 0:00:00]}
Bc6 {[%emt 0:00:00]} 15. Rhc1 {[%emt 0:00:00]} Nbd7 {[%emt 0:00:00]} 16. a4 {
[%emt 0:00:00]} Nf8 {[%emt 0:00:00]} 17. Ne5 {[%emt 0:00:00]} Be8 {[%emt 0:00:
00]} 18. b3 {[%emt 0:00:00]} N6d7 {[%emt 0:00:00]} 19. Nxd7 {[%emt 0:00:00]}
Bxd7 {[%emt 0:00:00]} 20. Nf3 {[%emt 0:00:00]} f6 {[%emt 0:00:00]} 21. Kd2 {
[%emt 0:00:00]} Kf7 {[%emt 0:00:00]} 22. Ng1 {[%emt 0:00:00]} Ke7 {[%emt 0:00:
00]} 23. Ne2 {[%emt 0:00:00]} Be8 {[%emt 0:00:00]} 24. Nc3 {[%emt 0:00:00]} Bg6
{[%emt 0:00:00]} 25. f5 {[%emt 0:00:00]} Bf7 {[%emt 0:00:00]} 26. fxe6 {
[%emt 0:00:00]} Bxe6 {[%emt 0:00:00]} 27. Rc2 {[%emt 0:02:09]} Kd8 {[%emt 0:00:
00]} 28. Rf1 {[%emt 0:01:49]} Rc7 {[%emt 0:00:00]} 29. Bf5 {[%emt 0:01:33]} Bg8
{[%emt 0:00:00]} 30. Rfc1 {[%emt 0:02:20]} Ng6 {[%emt 0:00:00]} 31. Nb5 {
[%emt 0:09:30]} Rxc2+ {[%emt 0:00:00]} 32. Rxc2 {[%emt 0:00:18]} Ne7 {[%emt 0:
00:00]} 33. Bg4 {[%emt 0:00:37]} Nc6 {[%emt 0:00:00]} 34. Nd6 {[%emt 0:01:18]}
Kc7 {[%emt 0:00:00]} 35. Nb5+ {[%emt 0:00:36]} Kd8 {[%emt 0:00:00]} 36. Bf3 {
[%emt 0:00:41]} Kd7 {[%emt 0:00:00]} 37. Bg4+ {[%emt 0:00:57]} 1/2-1/2

[Event "6e Open International d'Echecs des Sable"]
[Site "Sables d'Olonne, France"]
[Date "2019.07.16"]
[Round "5.2"]
[White "Pottier, Simeon"]
[Black "Duboue, Peio"]
[Result "0-1"]
[WhiteElo "2192"]
[BlackElo "2409"]
[Annotator "jeanluc"]
[PlyCount "41"]
[EventDate "2019.??.??"]
[TimeControl "1/40:0"]
[WhiteClock "0:36:20"]
[BlackClock "1:17:12"]

1. d4 {[%emt 0:00:00]} d5 {[%emt 0:00:00]} 2. c4 {[%emt 0:00:00]} dxc4 {
[%emt 0:00:00]} 3. Nf3 {[%emt 0:00:00]} Nf6 {[%emt 0:00:00]} 4. e3 {[%emt 0:00:
00]} e6 {[%emt 0:00:00]} 5. Bxc4 {[%emt 0:00:00]} a6 {[%emt 0:00:00]} 6. O-O {
[%emt 0:00:00]} c5 {[%emt 0:00:00]} 7. Bb3 {[%emt 0:00:00]} Nc6 {[%emt 0:00:00]
} 8. Qe2 {[%emt 0:00:00]} cxd4 {[%emt 0:00:00]} 9. Rd1 {[%emt 0:00:00]} Be7 {
[%emt 0:00:00]} 10. Nc3 {[%emt 0:00:00]} O-O {[%emt 0:00:00]} 11. exd4 {
[%emt 0:00:00]} Na5 {[%emt 0:00:00]} 12. Bc2 {[%emt 0:00:00]} b5 {[%emt 0:00:
00]} 13. Bf4 {[%emt 0:00:00]} Bb7 {[%emt 0:00:00]} 14. Rac1 {[%emt 0:00:00]}
Nc4 {[%emt 0:00:00]} 15. b3 {[%emt 0:00:00]} Nb6 {[%emt 0:00:00]} 16. Be5 {
[%emt 0:00:00]} Rc8 {[%emt 0:00:00]} 17. Qd3 {[%emt 0:00:00]} g6 {[%emt 0:00:
00]} 18. Nd2 {[%emt 0:00:00]} Ba3 {[%emt 0:00:00]} 19. Rb1 {[%emt 0:00:00]}
Nbd5 {[%emt 0:00:00]} 20. Nde4 {[%emt 0:00:00]} Nxe4 {[%emt 0:00:00]} 21. Nxe4
{[%emt 0:00:00]} 0-1

[Event "6e Open International d'Echecs des Sable"]
[Site "Sables d'Olonne, France"]
[Date "2019.07.16"]
[Round "5.3"]
[White "Bujisho, Benjamin"]
[Black "Maleki, Nicolas"]
[Result "1/2-1/2"]
[WhiteElo "2326"]
[BlackElo "2088"]
[Annotator "jeanluc"]
[PlyCount "76"]
[EventDate "2019.??.??"]
[TimeControl "1/40:0"]
[WhiteClock "0:05:17"]
[BlackClock "0:00:41"]

1. Nf3 {[%emt 0:00:00]} d5 {[%emt 0:00:00]} 2. g3 {[%emt 0:00:00]} Nf6 {
[%emt 0:00:00]} 3. Bg2 {[%emt 0:00:00]} Bg4 {[%emt 0:00:00]} 4. O-O {[%emt 0:
00:00]} e6 {[%emt 0:00:00]} 5. c4 {[%emt 0:00:00]} c6 {[%emt 0:00:00]} 6. cxd5
{[%emt 0:00:00]} exd5 {[%emt 0:00:00]} 7. d3 {[%emt 0:00:00]} Be7 {[%emt 0:00:
00]} 8. Be3 {[%emt 0:00:00]} Nbd7 {[%emt 0:00:00]} 9. Qb3 {[%emt 0:00:00]} Qc8
{[%emt 0:00:00]} 10. Nc3 {[%emt 0:00:00]} O-O {[%emt 0:00:00]} 11. Rac1 {
[%emt 0:00:00]} Re8 {[%emt 0:00:00]} 12. Rfe1 {[%emt 0:00:00]} Bf8 {[%emt 0:00:
00]} 13. Bd4 {[%emt 0:00:00]} Nc5 {[%emt 0:00:00]} 14. Qd1 {[%emt 0:00:00]} Qd8
{[%emt 0:00:00]} 15. Bxc5 {[%emt 0:00:00]} Bxc5 {[%emt 0:00:00]} 16. d4 {
[%emt 0:00:00]} Bd6 {[%emt 0:00:00]} 17. a3 {[%emt 0:00:00]} Ne4 {[%emt 0:00:
00]} 18. Qb3 {[%emt 0:00:00]} Rb8 {[%emt 0:00:00]} 19. Nxe4 {[%emt 0:00:00]}
dxe4 {[%emt 0:00:00]} 20. Nd2 {[%emt 0:00:00]} Be6 {[%emt 0:00:00]} 21. Qc3 {
[%emt 0:00:00]} Bd5 {[%emt 0:00:00]} 22. e3 {[%emt 0:00:00]} h5 {[%emt 0:00:00]
} 23. Qc2 {[%emt 0:00:00]} Qe7 {[%emt 0:00:00]} 24. Nb1 {[%emt 0:00:00]} h4 {
[%emt 0:00:52]} 25. Nc3 {[%emt 0:00:00]} hxg3 {[%emt 0:01:18]} 26. hxg3 {
[%emt 0:00:00]} g6 {[%emt 0:01:42]} 27. Nxd5 {[%emt 0:00:00]} cxd5 {[%emt 0:00:
13]} 28. Qb3 {[%emt 0:00:00]} Qg5 {[%emt 0:02:06]} 29. Qa4 {[%emt 0:00:00]} a6
{[%emt 0:01:21]} 30. Qa5 {[%emt 0:00:00]} Kg7 {[%emt 0:01:21]} 31. Rc2 {
[%emt 0:00:00]} Re6 {[%emt 0:06:16]} 32. Qd2 {[%emt 0:13:38]} Rh8 {[%emt 0:00:
47]} 33. Rf1 {[%emt 0:05:08]} Rf6 {[%emt 0:02:44]} 34. Qe2 {[%emt 0:00:11]} Qh6
{[%emt 0:00:55]} 35. f4 {[%emt 0:00:11]} exf3 {[%emt 0:01:16]} 36. Rxf3 {
[%emt 0:00:11]} Qh2+ {[%emt 0:02:16]} 37. Kf1 {[%emt 0:00:11]} Qxg3 {[%emt 0:
00:59]} 38. Rxf6 {[%emt 0:00:33]} Kxf6 {[%emt 0:00:33]} 1/2-1/2

[Event "6e Open International d'Echecs des Sable"]
[Site "Sables d'Olonne, France"]
[Date "2019.07.16"]
[Round "5.4"]
[White "Briand, Amaury"]
[Black "Eugene, Floryan"]
[Result "0-1"]
[WhiteElo "1896"]
[BlackElo "2300"]
[Annotator "jeanluc"]
[PlyCount "62"]
[EventDate "2019.??.??"]
[TimeControl "1/40:0"]
[WhiteClock "0:12:17"]
[BlackClock "0:46:44"]

1. e4 {[%emt 0:00:00]} e5 {[%emt 0:00:00]} 2. Nf3 {[%emt 0:00:00]} Nc6 {
[%emt 0:00:00]} 3. Bc4 {[%emt 0:00:00]} Bc5 {[%emt 0:00:00]} 4. c3 {[%emt 0:00:
00]} Nf6 {[%emt 0:00:00]} 5. d4 {[%emt 0:00:00]} exd4 {[%emt 0:00:00]} 6. e5 {
[%emt 0:00:00]} d5 {[%emt 0:00:00]} 7. Bb5 {[%emt 0:00:00]} Ne4 {[%emt 0:00:00]
} 8. cxd4 {[%emt 0:00:00]} Bb6 {[%emt 0:00:00]} 9. Nc3 {[%emt 0:00:00]} O-O {
[%emt 0:00:00]} 10. Be3 {[%emt 0:00:00]} Bg4 {[%emt 0:00:00]} 11. h3 {[%emt 0:
00:00]} Bh5 {[%emt 0:00:00]} 12. Qc2 {[%emt 0:00:00]} Bg6 {[%emt 0:00:00]} 13.
Qb3 {[%emt 0:00:00]} Ne7 {[%emt 0:00:00]} 14. O-O {[%emt 0:00:00]} c6 {[%emt 0:
00:00]} 15. Bd3 {[%emt 0:00:00]} Nd2 {[%emt 0:00:00]} 16. Nxd2 {[%emt 0:00:00]}
Bxd3 {[%emt 0:00:00]} 17. Rfe1 {[%emt 0:00:00]} Bg6 {[%emt 0:00:00]} 18. Na4 {
[%emt 0:00:00]} Ba5 {[%emt 0:00:00]} 19. Qxb7 {[%emt 0:00:00]} Bc2 {[%emt 0:00:
00]} 20. b3 {[%emt 0:00:00]} Nf5 {[%emt 0:00:00]} 21. e6 {[%emt 0:00:00]} Qc8 {
[%emt 0:00:00]} 22. exf7+ {[%emt 0:00:00]} Rxf7 {[%emt 0:00:00]} 23. Qxc8+ {
[%emt 0:00:00]} Rxc8 {[%emt 0:00:00]} 24. g4 {[%emt 0:00:00]} Bxd2 {[%emt 0:00:
00]} 25. Bxd2 {[%emt 0:00:00]} Nxd4 {[%emt 0:00:00]} 26. Kg2 {[%emt 0:00:00]}
Nf3 {[%emt 0:00:00]} 27. Re2 {[%emt 0:00:00]} Be4 {[%emt 0:00:00]} 28. Bc3 {
[%emt 0:00:27]} Ng5+ {[%emt 0:00:00]} 29. Kh2 {[%emt 0:03:01]} Rf3 {[%emt 0:00:
00]} 30. Kg2 {[%emt 0:04:26]} Rxc3+ {[%emt 0:00:00]} 31. Rxe4 {[%emt 0:00:29]}
Nxe4 {[%emt 0:00:00]} 0-1

[Event "6e Open International d'Echecs des Sable"]
[Site "Sables d'Olonne, France"]
[Date "2019.07.16"]
[Round "5.5"]
[White "Cotonnec, Melkior"]
[Black "Angermuende, Dirk"]
[Result "1-0"]
[WhiteElo "2293"]
[BlackElo "1972"]
[Annotator "jeanluc"]
[PlyCount "67"]
[EventDate "2019.??.??"]
[TimeControl "1/40:0"]
[WhiteClock "0:11:50"]
[BlackClock "0:02:27"]

1. c4 {[%emt 0:00:00]} Nf6 {[%emt 0:00:00]} 2. Nf3 {[%emt 0:00:00]} e6 {
[%emt 0:00:00]} 3. g3 {[%emt 0:00:00]} b6 {[%emt 0:00:00]} 4. Bg2 {[%emt 0:00:
00]} Bb7 {[%emt 0:00:00]} 5. O-O {[%emt 0:00:00]} Be7 {[%emt 0:00:00]} 6. b3 {
[%emt 0:00:00]} O-O {[%emt 0:00:00]} 7. Bb2 {[%emt 0:00:00]} c5 {[%emt 0:00:00]
} 8. Nc3 {[%emt 0:00:00]} Ne4 {[%emt 0:00:00]} 9. Qc2 {[%emt 0:00:00]} Nxc3 {
[%emt 0:00:00]} 10. Bxc3 {[%emt 0:00:00]} Nc6 {[%emt 0:00:00]} 11. Qb2 {
[%emt 0:00:00]} Bf6 {[%emt 0:00:00]} 12. Bxf6 {[%emt 0:00:00]} Qxf6 {[%emt 0:
00:00]} 13. Qxf6 {[%emt 0:00:00]} gxf6 {[%emt 0:00:00]} 14. Rfd1 {[%emt 0:00:
00]} Rfd8 {[%emt 0:00:00]} 15. d4 {[%emt 0:00:00]} d6 {[%emt 0:00:00]} 16. e3 {
[%emt 0:00:00]} Kf8 {[%emt 0:00:00]} 17. Rd2 {[%emt 0:00:00]} Rab8 {[%emt 0:00:
00]} 18. Rad1 {[%emt 0:00:00]} Ke7 {[%emt 0:00:00]} 19. Ne1 {[%emt 0:00:00]}
Na5 {[%emt 0:00:00]} 20. Kf1 {[%emt 0:00:00]} Bxg2+ {[%emt 0:00:00]} 21. Nxg2 {
[%emt 0:00:10]} Nc6 {[%emt 0:00:00]} 22. Nf4 {[%emt 0:00:51]} Rb7 {[%emt 0:01:
22]} 23. g4 {[%emt 0:01:21]} Rbd7 {[%emt 0:02:56]} 24. h3 {[%emt 0:00:50]} Ke8
{[%emt 0:07:37]} 25. d5 {[%emt 0:01:12]} Ne5 {[%emt 0:00:58]} 26. dxe6 {
[%emt 0:00:15]} fxe6 {[%emt 0:00:36]} 27. Nxe6 {[%emt 0:00:17]} Nf3 {[%emt 0:
00:29]} 28. Rd5 {[%emt 0:01:27]} Rc8 {[%emt 0:00:42]} 29. Kg2 {[%emt 0:00:58]}
Nh4+ {[%emt 0:01:28]} 30. Kg3 {[%emt 0:00:40]} Ng6 {[%emt 0:00:17]} 31. f4 {
[%emt 0:00:38]} Ne7 {[%emt 0:00:39]} 32. Rxd6 {[%emt 0:01:17]} Rxd6 {[%emt 0:
00:37]} 33. Rxd6 {[%emt 0:00:14]} h5 {[%emt 0:01:52]} 34. Ng7+ {[%emt 0:00:55]}
1-0

[Event "6e Open International d'Echecs des Sable"]
[Site "Sables d'Olonne, France"]
[Date "2019.07.16"]
[Round "5.6"]
[White "Mariette, Lucas"]
[Black "Troubat, Alexandre"]
[Result "1-0"]
[WhiteElo "2244"]
[BlackElo "1932"]
[Annotator "jeanluc"]
[PlyCount "67"]
[EventDate "2019.??.??"]
[TimeControl "1/40:0"]
[WhiteClock "0:43:33"]
[BlackClock "0:01:43"]

1. e4 {[%emt 0:00:00]} c5 {[%emt 0:00:00]} 2. Nf3 {[%emt 0:00:00]} d6 {[%emt 0:
00:00]} 3. d4 {[%emt 0:00:00]} cxd4 {[%emt 0:00:00]} 4. Nxd4 {[%emt 0:00:00]}
Nf6 {[%emt 0:00:00]} 5. Nc3 {[%emt 0:00:00]} g6 {[%emt 0:00:00]} 6. Be3 {
[%emt 0:00:00]} Bg7 {[%emt 0:00:00]} 7. h3 {[%emt 0:00:00]} O-O {[%emt 0:00:00]
} 8. Bc4 {[%emt 0:00:00]} Nxe4 {[%emt 0:00:00]} 9. Nxe4 {[%emt 0:00:00]} d5 {
[%emt 0:00:00]} 10. Bd3 {[%emt 0:00:00]} dxe4 {[%emt 0:00:00]} 11. Bxe4 {
[%emt 0:00:00]} e5 {[%emt 0:00:00]} 12. Nb3 {[%emt 0:00:00]} Nc6 {[%emt 0:00:
00]} 13. O-O {[%emt 0:00:00]} Qf6 {[%emt 0:00:00]} 14. Qd2 {[%emt 0:00:00]} Rd8
{[%emt 0:00:00]} 15. Bg5 {[%emt 0:00:00]} Rxd2 {[%emt 0:00:00]} 16. Bxf6 {
[%emt 0:00:00]} Rd6 {[%emt 0:00:00]} 17. Bxg7 {[%emt 0:00:00]} Kxg7 {[%emt 0:
00:00]} 18. Rad1 {[%emt 0:00:00]} Rxd1 {[%emt 0:00:00]} 19. Rxd1 {[%emt 0:00:
00]} Bf5 {[%emt 0:00:00]} 20. Bxc6 {[%emt 0:00:00]} bxc6 {[%emt 0:00:00]} 21.
Rd2 {[%emt 0:00:00]} Rb8 {[%emt 0:00:00]} 22. c4 {[%emt 0:00:00]} Be6 {[%emt 0:
00:00]} 23. Rc2 {[%emt 0:00:00]} Rd8 {[%emt 0:00:00]} 24. f3 {[%emt 0:00:00]}
Kf6 {[%emt 0:00:00]} 25. Kf2 {[%emt 0:00:00]} Bf5 {[%emt 0:00:00]} 26. Rc3 {
[%emt 0:00:00]} Bb1 {[%emt 0:04:23]} 27. Ke3 {[%emt 0:00:00]} Bxa2 {[%emt 0:02:
15]} 28. Nd2 {[%emt 0:00:00]} a6 {[%emt 0:04:08]} 29. Rc2 {[%emt 0:00:00]} Rb8
{[%emt 0:06:48]} 30. b4 {[%emt 0:00:00]} Bb1 {[%emt 0:00:55]} 31. Nxb1 {
[%emt 0:00:00]} Rxb4 {[%emt 0:00:13]} 32. Nc3 {[%emt 0:00:00]} a5 {[%emt 0:00:
44]} 33. Kd3 {[%emt 0:00:00]} a4 {[%emt 0:00:51]} 34. Ra2 {[%emt 0:00:00]} 1-0

[Event "6e Open International d'Echecs des Sable"]
[Site "Sables d'Olonne, France"]
[Date "2019.07.16"]
[Round "5.7"]
[White "Sempe, Pierre"]
[Black "Vidal, Llewellyn"]
[Result "0-1"]
[WhiteElo "1765"]
[BlackElo "2336"]
[Annotator "jeanluc"]
[PlyCount "72"]
[EventDate "2019.??.??"]
[TimeControl "1/40:0"]
[WhiteClock "0:34:25"]
[BlackClock "1:04:21"]

1. e4 {[%emt 0:00:00]} c6 {[%emt 0:00:00]} 2. Nf3 {[%emt 0:00:00]} d5 {[%emt 0:
00:00]} 3. Nc3 {[%emt 0:00:00]} Bg4 {[%emt 0:00:00]} 4. h3 {[%emt 0:00:00]}
Bxf3 {[%emt 0:00:00]} 5. Qxf3 {[%emt 0:00:00]} Nf6 {[%emt 0:00:00]} 6. e5 {
[%emt 0:00:00]} Nfd7 {[%emt 0:00:00]} 7. d4 {[%emt 0:00:00]} e6 {[%emt 0:00:00]
} 8. Ne2 {[%emt 0:00:00]} c5 {[%emt 0:00:00]} 9. c3 {[%emt 0:00:00]} Nc6 {
[%emt 0:00:00]} 10. Bd2 {[%emt 0:00:00]} Qb6 {[%emt 0:00:00]} 11. Rb1 {[%emt 0:
00:00]} cxd4 {[%emt 0:00:00]} 12. cxd4 {[%emt 0:00:00]} Nxd4 {[%emt 0:00:00]}
13. Nxd4 {[%emt 0:00:00]} Qxd4 {[%emt 0:00:00]} 14. Bc3 {[%emt 0:00:00]} Bb4 {
[%emt 0:00:00]} 15. Qe3 {[%emt 0:00:00]} Qxe3+ {[%emt 0:00:00]} 16. fxe3 {
[%emt 0:00:00]} Bxc3+ {[%emt 0:00:00]} 17. bxc3 {[%emt 0:00:00]} O-O-O {
[%emt 0:00:00]} 18. c4 {[%emt 0:01:28]} Nxe5 {[%emt 0:00:57]} 19. cxd5 {
[%emt 0:00:00]} Rxd5 {[%emt 0:01:16]} 20. Be2 {[%emt 0:00:40]} Ra5 {[%emt 0:00:
03]} 21. Rb2 {[%emt 0:01:07]} Rd8 {[%emt 0:01:13]} 22. O-O {[%emt 0:03:18]} Rd6
{[%emt 0:08:31]} 23. Bb5 {[%emt 0:02:45]} Kd8 {[%emt 0:03:01]} 24. Rc1 {
[%emt 0:00:39]} a6 {[%emt 0:01:11]} 25. Be2 {[%emt 0:05:32]} Rc6 {[%emt 0:00:
00]} 26. Rd1+ {[%emt 0:00:00]} Kc7 {[%emt 0:00:00]} 27. Kf2 {[%emt 0:00:00]}
Rac5 {[%emt 0:00:00]} 28. a4 {[%emt 0:00:00]} Rc2 {[%emt 0:00:00]} 29. Rb4 {
[%emt 0:00:00]} Ra2 {[%emt 0:00:00]} 30. Ke1 {[%emt 0:00:00]} Rcc2 {[%emt 0:00:
00]} 31. Bf1 {[%emt 0:05:50]} Rab2 {[%emt 0:02:11]} 32. Rbd4 {[%emt 0:00:00]}
f5 {[%emt 0:00:00]} 33. Rd8 {[%emt 0:00:00]} Rc3 {[%emt 0:00:00]} 34. R8d2 {
[%emt 0:00:00]} Rxe3+ {[%emt 0:00:00]} 35. Be2 {[%emt 0:00:00]} Rxd2 {[%emt 0:
00:00]} 36. Kxd2 {[%emt 0:00:00]} Re4 {[%emt 0:00:00]} 0-1

[Event "6e Open International d'Echecs Sables d'"]
[Site "Les Sables d'Olonne ; France"]
[Date "2019.07.16"]
[Round "5.8"]
[White "Wlodarczyk, Cyril"]
[Black "Lucas, Arthur"]
[Result "0-1"]
[WhiteElo "2098"]
[BlackElo "2286"]
[PlyCount "78"]
[EventDate "2019.??.??"]
[WhiteTeam "Cergy Pontoise Echecs"]
[BlackTeam "Cercle d'échecs des Sables d'Olonne"]

1. e4 c5 2. Nf3 Nc6 3. Bb5 g6 4. Bxc6 dxc6 5. d3 Bg7 6. h3 Nf6 7. Nc3 Nd7 8.
Be3 e5 9. Qd2 h6 10. O-O b6 11. Nh2 Nf8 12. f4 exf4 13. Bxf4 Ne6 14. Bg3 Nd4
15. e5 Nf5 16. Ne4 Nxg3 17. Nxg3 Qd4+ 18. Kh1 Be6 19. Nf3 Qxb2 20. Ne4 O-O-O
21. a4 Qb4 22. Qe3 Qa5 23. Nd6+ Rxd6 24. exd6 Bxa1 25. Rxa1 Rd8 26. Qe5 c4 27.
Qxa5 bxa5 28. d4 Rxd6 29. c3 Bd5 30. Ne5 Rf6 31. Kg1 h5 32. Re1 Rf5 33. Re2 Kc7
34. Rb2 Rf4 35. Rb1 Rf6 36. Rb2 Rf5 37. Rb1 Rg5 38. Rb2 f6 39. h4 Rg3 0-1

[Event "6e Open International d'Echecs Sables d'"]
[Site "Les Sables d'Olonne ; France"]
[Date "2019.07.16"]
[Round "5.9"]
[White "Gaubert, Cedric"]
[Black "Dalaud, Dorian"]
[Result "0-1"]
[WhiteElo "2006"]
[BlackElo "2220"]
[Annotator "jeanluc"]
[PlyCount "104"]
[EventDate "2019.??.??"]
[WhiteTeam "Echiquier Niortais"]
[BlackTeam "Cercle d'Echecs de Nantes"]

1. d4 Nf6 2. Nf3 g6 3. c4 Bg7 4. Nc3 d5 5. e3 O-O 6. Be2 c6 7. O-O Ne4 8. Qb3
dxc4 9. Bxc4 Nxc3 10. bxc3 c5 11. Ba3 Nd7 12. Ng5 e6 13. Ne4 Qc7 14. dxc5 Rd8
15. Rfd1 b6 16. cxb6 axb6 17. Bb5 Nc5 18. Rxd8+ Qxd8 19. Nxc5 bxc5 20. Bxc5 Qc7
21. Bb4 Bb7 22. Rd1 Bxg2 23. Rd7 Qb6 24. a4 Bh3 25. c4 e5 26. Rd6 Qb8 27. e4
Bf8 28. Rd3 Be6 29. Qa3 {(=)} Bxb4 30. Qxb4 Qb7 31. f3 Rc8 32. Kg2 Kg7 33. Qc3
Rc5 34. a5 f5 35. a6 Qe7 36. Qd2 fxe4 37. fxe4 Qh4 38. Qe3 Rc8 39. c5 Rf8 40.
Rd2 Bh3+ 41. Kh1 Rb8 42. Bd3 Rb3 43. Qg3 Ra3 44. Rd1 Qh5 45. Be2 Qxe2 46. Qxe5+
Kf7 47. Qc7+ Kf6 48. Qd8+ Ke5 49. Qd6+ Kxe4 50. Qd5+ Ke3 51. Qe5+ Kf2 52. Qf4+
Qf3+ 0-1

[Event "6e Open International d'Echecs Sables d'"]
[Site "Les Sables d'Olonne ; France"]
[Date "2019.07.16"]
[Round "5.11"]
[White "Durand-Le Ludec, Brendan-Budok"]
[Black "Neatherway, A Philip"]
[Result "1-0"]
[WhiteElo "2199"]
[BlackElo "1793"]
[PlyCount "49"]
[EventDate "2019.??.??"]
[WhiteTeam "Betton Echecs Club"]

1. d4 Nf6 2. c4 g6 3. Nc3 d5 4. cxd5 Nxd5 5. Bd2 Bg7 6. e4 Nb6 7. Be3 Na6 8.
Bxa6 bxa6 9. Nge2 Bb7 10. O-O O-O 11. Qb3 Qd7 12. Rfd1 a5 13. a4 Rab8 14. Qa2
Rfd8 15. Rac1 h5 16. f3 Ba6 17. b3 Nc8 18. d5 Nb6 19. Nd4 Bxd4 20. Bxd4 e6 21.
Qd2 Kh7 22. Qg5 exd5 23. Qf6 Rg8 24. exd5 Qf5 25. Ne4 1-0

[Event "6e Open International d'Echecs Sables d'"]
[Site "Les Sables d'Olonne ; France"]
[Date "2019.07.16"]
[Round "5.12"]
[White "Frick, Christoph"]
[Black "Rollot, Jean-Louis"]
[Result "1-0"]
[WhiteElo "2134"]
[BlackElo "1890"]
[PlyCount "57"]
[EventDate "2019.??.??"]
[WhiteTeam "Mulhouse Philidor"]
[BlackTeam "Echiquier Carcassonnais "]

1. d4 Nf6 2. Bf4 d6 3. Nc3 g6 4. e4 Bg7 5. Qd2 c6 6. Nf3 b5 7. a3 Bb7 8. Bd3 h6
9. h3 Nbd7 10. e5 dxe5 11. dxe5 Nh5 12. e6 Nxf4 13. exd7+ Qxd7 14. Qxf4 O-O 15.
O-O a6 16. Rad1 Qc8 17. Rfe1 e6 18. Ne5 c5 19. Be4 b4 20. Na4 Bxe4 21. Qxe4 Rb8
22. Nd7 bxa3 23. bxa3 Bd4 24. Nxf8 Kxf8 25. c3 Bg7 26. Rb1 Rxb1 27. Rxb1 Qe8
28. Nxc5 Bxc3 29. Rb8 1-0